Datum a čas kvízu

12.5 Celkem bodů Celkový počet nahraných bodů na tomto kvízu bez doplňovacích otázek.
10. Pořadí na kvízu Konečné umístění týmu na tomto kvízu.

Zaznamenané odpovědi

# Otázka Odpověď Body Výsledky
1. První desítky turistů se během... České Švýcarsko 0
2. Prezident jisté asijské země b... Jižní Korea 0
3. V pondělí začal v New Yorku pr... Ed Sheeran 0
4. V úterý byl uskutečněn první p... z Japonska 0
5. Vstřelit sám čtyři góly do sít... Girona FC 0
6. Pojďme zavzpomínat na filmy a... Malé ženy 0
7. Poslední díl seriálu Přátelé b... Kde? 0
8. Tato smutná scéna z Nekonečnéh... Michael Ende 0
9. Ze kterého stále ještě vysílan... Doctor Who (Pán času) 1
10. Film Želary se do tohoto témat... Květa Legátová (vl. jm. Věra Hofmanová); Joza (Josef) 0